| Tag |
First Indicator |
Second Indicator |
Subfields |
| LEADER |
00000cam a2200000 i 4500 |
| 001 |
in00005685204 |
| 005 |
20260212195054.9 |
| 006 |
m o d |
| 007 |
cr cnu---unuuu |
| 008 |
140630t19991999gw o 000 0 ger d |
| 040 |
|
|
|a E7B
|b eng
|e rda
|e pn
|c E7B
|d OCLCO
|d EBLCP
|d YDXCP
|d OCLCF
|d OCLCQ
|d OCLCA
|d VT2
|d WYU
|d C6I
|d OCLCQ
|d SFB
|d N$T
|d OCLCO
|d OCLCQ
|d OCLCO
|d OCLCL
|d SXB
|d OCLCQ
|d OCLCE
|d OCLCL
|
| 019 |
|
|
|a 879550095
|a 906465217
|a 1470862534
|
| 020 |
|
|
|a 9783486593693
|q (e-book)
|
| 020 |
|
|
|a 3486593692
|q (e-book)
|
| 020 |
|
|
|z 9783486645033
|
| 020 |
|
|
|z 348664503X
|
| 035 |
|
|
|a (OCoLC)884588711
|z (OCoLC)879550095
|z (OCoLC)906465217
|z (OCoLC)1470862534
|
| 042 |
|
|
|a dlr
|
| 043 |
|
|
|a e-gx---
|
| 050 |
|
4 |
|a JV8020
|b .G445 1999eb
|
| 082 |
0 |
4 |
|a 304.843
|2 23
|
| 084 |
|
|
|a MF 2950
|2 rvk
|
| 084 |
|
|
|a 15.70
|2 bcl
|
| 084 |
|
|
|a r 46.2
|2 ifzs
|
| 084 |
|
|
|a x 36
|2 ifzs
|
| 084 |
|
|
|a x 41.4
|2 ifzs
|
| 084 |
|
|
|a x 45.1
|2 ifzs
|
| 084 |
|
|
|a x 60.4
|2 ifzs
|
| 084 |
|
|
|a x 60.4.2
|2 ifzs
|
| 084 |
|
|
|a NQ 6120
|2 rvk
|
| 084 |
|
|
|a NQ 7010
|2 rvk
|
| 084 |
|
|
|a NQ 5990
|2 rvk
|
| 084 |
|
|
|a NQ 6050
|2 rvk
|
| 084 |
|
|
|a 63
|2 sdnb
|
| 084 |
|
|
|a 64
|2 sdnb
|
| 049 |
|
|
|a TXAM
|
| 245 |
0 |
0 |
|a Geglückte Integration? :
|b spezifika und Vergleichbarkeiten der Vertriebenen-Eingliederung in der SBZ/DDR /
|c herausgegeben von Dierk Hoffmann und Michael Schwartz.
|
| 264 |
|
1 |
|a München [Germany] :
|b R. Oldenbourg Verlag,
|c 1999.
|
| 264 |
|
4 |
|c ©1999
|
| 300 |
|
|
|a 1 online resource (388 pages).
|
| 336 |
|
|
|a text
|b txt
|2 rdacontent
|
| 337 |
|
|
|a computer
|b c
|2 rdamedia
|
| 338 |
|
|
|a online resource
|b cr
|2 rdacarrier
|
| 490 |
1 |
|
|a Schriftenreihe der Vierteljahrshefte für Zeitgeschichte Sondernummer
|
| 588 |
0 |
|
|a Online resource; title from PDF title page (ebrary, viewed June 30, 2014).
|
| 520 |
|
|
|a In der Bundesrepublik wurde eine längere Phase des Desinteresses, wenn nicht gar der Tabuisierung bereits im Laufe der achtziger Jahre durch neue wissenschaftliche Anstrengungen durchbrochen, die insbesondere den westdeutschen Gründungs-""Mythos der schnellen Integration"" zu differenzieren trachteten. Ebenso kam es zu Versuchen der Geschichtswissenschaft der DDR, die totalitäre Form der Tabuisierung der ""Umsiedler""--Integration aufzulockern, wobei man jedoch bis 1989 zwangsläufig den SED-Mythos schneller und erfolgreicher Integration unbedingt verpflichtet blieb. In diesem Band werden die Er.
|
| 505 |
0 |
0 |
|t Front Matter --
|t Flucht und Vertreibung der Deutschen aus Ostdeutschland und Osteuropa. Ein Blick auf historische Zusammenhänge /
|r Graml, Hermann --
|t Vertriebenen-Integration in Westdeutschland --
|t Politisches System und Integrationspolitik in der SBZ/DDR --
|t Integrationspolitik und Wirtschaft --
|t Soziale Probleme der Vertriebenen-Integration --
|t Vertreibung und Integration als Lebens-Erfahrung --
|t Laufende Forschungsprojekte zur Vertriebenenintegration --
|t Back Matter
|
| 588 |
0 |
|
|a Print version record.
|
| 504 |
|
|
|a Includes bibliographical references (pages 365-388) and index.
|
| 538 |
|
|
|a Master and use copy. Digital master created according to Benchmark for Faithful Digital Reproductions of Monographs and Serials, Version 1. Digital Library Federation, December 2002.
|u http://purl.oclc.org/DLF/benchrepro0212
|5 MiAaHDL
|
| 583 |
1 |
|
|a digitized
|c 2024.
|h HathiTrust Digital Library
|l committed to preserve
|2 pda
|5 MiAaHDL
|
| 650 |
|
0 |
|a Refugees
|z Germany.
|
| 650 |
|
0 |
|a Assimilation (Sociology)
|z Germany.
|
| 651 |
|
0 |
|a Germany
|x Emigration and immigration.
|
| 650 |
|
6 |
|a Assimilation (Sociologie)
|z Allemagne.
|
| 651 |
|
6 |
|a Allemagne
|x Émigration et immigration.
|
| 650 |
|
7 |
|a Assimilation (Sociology)
|2 fast
|
| 650 |
|
7 |
|a Emigration and immigration
|2 fast
|
| 650 |
|
7 |
|a Refugees
|2 fast
|
| 651 |
|
7 |
|a Germany
|2 fast
|1 https://id.oclc.org/worldcat/entity/E39PBJtCD3rcKcPDx6FHmjvrbd
|
| 650 |
|
7 |
|a Soziale Integration
|2 gnd
|
| 650 |
|
7 |
|a Vertriebener
|2 gnd
|
| 651 |
|
7 |
|a Deutschland
|g DDR
|2 gnd
|
| 651 |
|
7 |
|a Deutschland
|g Bundesrepublik
|2 gnd
|
| 651 |
|
7 |
|a Deutschland
|g Gebiet unter Alliierter Besatzung, Sowjetische Zone
|2 gnd
|
| 651 |
|
7 |
|a Deutschland
|2 gnd
|
| 650 |
1 |
7 |
|a Vluchtelingen.
|2 gtt
|
| 650 |
1 |
7 |
|a Integratie.
|2 gtt
|
| 655 |
|
7 |
|a Electronic books.
|2 local
|
| 655 |
|
4 |
|a Aufsatzsammlung.
|
| 655 |
|
7 |
|a Aufsatzsammlung.
|0 (DE-588)4143413-4.
|2 gnd
|
| 655 |
|
7 |
|0 (DE-588)4143413-4
|a Aufsatzsammlung
|2 gnd-content
|
| 700 |
1 |
|
|a Hoffmann, Dierk,
|e editor.
|
| 700 |
1 |
|
|a Schwartz, Michael,
|e editor.
|
| 710 |
2 |
|
|a Walter de Gruyter & Co.
|
| 758 |
|
|
|i has work:
|a Geglückte Integration? (Text)
|1 https://id.oclc.org/worldcat/entity/E39PCGQbRmPg4HQdwhRWJGWybb
|4 https://id.oclc.org/worldcat/ontology/hasWork
|
| 776 |
0 |
8 |
|i Print version:
|t Geglückte Integration?
|d München [Germany] : R. Oldenbourg Verlag, 1999
|z 9783486593693
|
| 776 |
1 |
|
|c Original
|w (OCoLC)41977978
|
| 830 |
|
0 |
|a Schriftenreihe der Vierteljahrshefte für Zeitgeschichte.
|p Sondernummer.
|
| 856 |
4 |
0 |
|u https://www.degruyterbrill.com/openurl?genre=book&isbn=9783486593693
|z Connect to the full text of this electronic book
|t 0
|
| 936 |
|
|
|a BATCHLOAD
|
| 955 |
|
|
|a De Gruyter Open Access ebooks
|
| 994 |
|
|
|a 92
|b TXA
|
| 999 |
f |
f |
|i 8c3ef554-668f-48c8-b085-65d55bbe2f09
|s 38d93cbc-37c8-41d6-b244-d674887c7eec
|t 0
|
| 952 |
f |
f |
|a Texas A&M University
|b College Station
|c Electronic Resources
|s www_evans
|d Available Online
|t 0
|e JV8020 .G445 1999eb
|h Library of Congress classification
|
| 998 |
f |
f |
|a JV8020 .G445 1999eb
|t 0
|l Available Online
|